000
00217nam a22000857a 4500
999
_c
11006
_d
11006
008
180717b ||||| |||| 00| 0 eng d
100
_a
Ramachandran
_9
5320
245
_a
APJ Abdul Kalam
260
_a
New Delhi
_b
Campfire
_c
2016